Historia de los indios de la Nueva España escrita a mediados del siglo XVI

Kaydedildi:
Detaylı Bibliyografya
Yazar: Benavente o Motolinia, Toribio de (Yazar)
Materyal Türü: Kitap
Dil:İspanyolca
Baskı/Yayın Bilgisi: Barcelona Herederos de Juan Gili 1914
Edisyon:1a. ed
Konular:
Etiketler: Etiketle
Etiket eklenmemiş, İlk siz ekleyin!

MARC

LEADER 00000cam a2200000 a 4500
001 UCD3264
003 CL-VaPUC
008 160603e19140000sp |||||||||||||||||spa|d
082 0 4 |a 972.02  |b BEN  |2 21 
100 0 |a Benavente o Motolinia, Toribio de  |e author  |9 586667 
245 1 0 |a Historia de los indios de la Nueva España escrita a mediados del siglo XVI 
250 |a 1a. ed 
300 |a 282 p 
942 |c BK 
945 |d 20160603 11:42:00  |a dcastane 
260 |a Barcelona  |b Herederos de Juan Gili  |c 1914 
650 7 |a INDIOS DE MEXICO  |2 CL-VaPUC  |9 255267 
650 0 |a Franciscanos   |9 267404 
583 |a last modification  |c 20160603 11:42:00  |k Rodrigo Vera 
999 |c 364300  |d 364298 
952 |0 0  |1 0  |3 erd  |4 0  |6 972_020000000000000_BEN_1914  |7 0  |8 X  |9 477319  |a BIBTEO  |b BIBTEO  |c TEO_FFR  |i 5232708  |o 972.02 BEN 1914  |p 5232708  |r 2024-01-18  |w 2019-11-24  |y BK_X  |z Catalogado en:20160603  |k OFM